|
|
|
|
| LEADER |
01600cas a2200253 a 4500 |
| 001 |
AALejournalIMF021233 |
| 008 |
230101c9999 xx r poo 0 0eng d |
| 020 |
|
|
|c 5.00 USD
|
| 020 |
|
|
|z 9781513556369
|
| 022 |
|
|
|a 1018-5941
|
| 040 |
|
|
|a BD-DhAAL
|c BD-DhAAL
|
| 100 |
1 |
|
|a Knight, James.
|
| 245 |
1 |
0 |
|a Sovereign Investor Relations :
|b From Principles to Practice /
|c James Knight, Bill Northfield.
|
| 264 |
|
1 |
|a Washington, D.C. :
|b International Monetary Fund,
|c 2020.
|
| 300 |
|
|
|a 1 online resource (50 pages)
|
| 490 |
1 |
|
|a IMF Working Papers
|
| 500 |
|
|
|a <strong>Off-Campus Access:</strong> No User ID or Password Required
|
| 500 |
|
|
|a <strong>On-Campus Access:</strong> No User ID or Password Required
|
| 506 |
|
|
|a Electronic access restricted to authorized BRAC University faculty, staff and students
|
| 520 |
3 |
|
|a This paper defines sovereign investor relations (IR) and places it in the context of modern debt management theory. It highlights the role that improvements in IR and debt transparency can play in improving the cost-risk tradeoff in debt management, supporting market access and acting as a first line of defense in times of crisis. It sets out a policy framework and institutional arrangements for effective IR, as well as discussing the various practices, publications and strategies that underpin an IR program.
|
| 538 |
|
|
|a Mode of access: Internet
|
| 700 |
1 |
|
|a Northfield, Bill.
|
| 830 |
|
0 |
|a IMF Working Papers; Working Paper ;
|v No. 2020/204
|
| 856 |
4 |
0 |
|z Full text available on IMF
|u http://elibrary.imf.org/view/journals/001/2020/204/001.2020.issue-204-en.xml
|z IMF e-Library
|